KOHA-Header-6

Fundamentals of Management (Record no. 810)

000 -LEADER
fixed length control field 00374nam a2200157Ia 4500
003 - CONTROL NUMBER IDENTIFIER
control field OSt
005 - DATE AND TIME OF LATEST TRANSACTION
control field 20190927190215.0
008 - FIXED-LENGTH DATA ELEMENTS--GENERAL INFORMATION
fixed length control field 190722s9999 xx 000 0 und d
020 ## - INTERNATIONAL STANDARD BOOK NUMBER
International Standard Book Number 978-1133627494
040 ## - CATALOGING SOURCE
Transcribing agency maju
100 ## - MAIN ENTRY--PERSONAL NAME
Personal name Ricky W.Griffin
245 #0 - TITLE STATEMENT
Title Fundamentals of Management
260 ## - PUBLICATION, DISTRIBUTION, ETC. (IMPRINT)
Place of publication, distribution, etc Singapore
Name of publisher, distributor, etc Cengage learning
Date of publication, distribution, etc 2014
300 ## - PHYSICAL DESCRIPTION
Extent 490
942 ## - ADDED ENTRY ELEMENTS (KOHA)
Koha item type Books
Source of classification or shelving scheme
Holdings
Withdrawn status Lost status Damaged status Not for loan Collection code Permanent Location Current Location Shelving location Date acquired Total Checkouts Full call number Barcode Date last seen Date checked out Price effective from Koha item type
        Management MAJU MAJU   2019-07-22 2 658.403 7436 2023-04-28 2022-05-16 2019-07-22 Management

Powered by Koha